[Event "IECC CL6-2004.02 email"]
[Site "IECC email"]
[Date "2004.01.17"]
[Round "?"]
[White "Nash, Chris"]
[Black "Siggens, Geoff"]
[Result "0-1"]
[WhiteElo "1253"]
[BlackElo "1345"]
[PlyCount "106"]
[EventDate "2004.??.??"]
[EventType "tourn (corr)"]
[EventRounds "4"]
[SourceTitle "Corr 2008"]
[Source "ChessBase"]
[SourceDate "2008.06.24"]
[SourceVersion "1"]
[SourceVersionDate "2008.06.24"]
[SourceQuality "1"]

1. e4 e6 2. d4 d5 3. Nc3 Bb4 4. e5 c5 5. a3 Bxc3+ 6. bxc3 Ne7 7. Nf3 0-0 8. Be2 Nd7 9. 0-0 b6 10. Ng5 h6 11. Nh3 a5 12. f4 Ba6 13. a4 Bxe2 14. Qxe2 Nf5 15. Bb2 Rc8 16. Rf3 Re8 17. g4 Nh4 18. Rf2 Qe7 19. Ba3 f5 20. g5 Qf7 21. gxh6 Qg6+ 22. Kh1 Qxh6 23. Ng5 cxd4 24. cxd4 Rc4 25. Bb2 Rec8 26. c3 Nf8 27. Qe3 Re8 28. Qg3 Nh7 29. Nf3 Nxf3 30. Qxf3 Kf7 31. Rg2 Rg8 32. h4 Rh8 33. Rh2 g5 34. h5 g4 35. Qg3 Ke8 36. Kg2 Kd7 37. Kf2 Nf8 38. Ke2 Qg7 39. Kd2 Kc8 40. Kc2 Qd7 41. Kb3 Rh6 42. Qf2 Qe8 43. Qh4 Nh7 44. Bc1 Rc7 45. Bd2 Rb7 46. Be1 b5 47. Kc2 bxa4 48. Ra2 Qb5 49. Kd2 Qb1 50. Ke3 a3 51. Rae2 Rb2 52. Rxb2 Qe4+ 53. Kf2 axb2 0-1